Glee Characters by Number of Songs - Statistics

General Stats
  • This quiz has been taken 265 times
  • The average score is 21 of 52
Answer Stats
Hint Answer % Correct
206 Rachel Berry
99%
117 Santana Lopez
92%
106 Finn Hudson
89%
111 Kurt Hummel
88%
133 Mercedes Jones
87%
62 Will Schuester
84%
128 Blaine Anderson
80%
50 Quinn Fabray
80%
57 Noah Puckerman
79%
17 Sue Sylvester
79%
95 Tina Cohen Chang
78%
70 Brittany Pierce
76%
127 Artie Abrams
75%
22 Mike Chang
73%
83 Sam Evans
70%
35 Jake Puckerman
64%
12 Emma Pillsbury
62%
40 Marley Rose
55%
12 Jesse St James
51%
31 Unique Adams
44%
9 Sugar Motta
40%
10 Holly Holiday
39%
32 Kitty Wilde
38%
28 Ryder Lynn
38%
12 April Rhodes
37%
11 Rory Flanagan
32%
7 Sebastian Smythe
30%
8 Shelby Corcoran
28%
12 Joe Hart
27%
1 Lauren Zizes
26%
5 Sheldon Beiste
22%
4 Sunshine Corazon
21%
4 Brody Weston
19%
4 Cassandra July
18%
1 Terri Schuester
17%
4 Dani
16%
11 Roderick Meeks
14%
8 Madison McCarthy
13%
9 Mason McCarthy
13%
3 Dave Karofsky
12%
2 Hunter Clarington
12%
9 Spencer Porter
12%
11 Elliot Gilbert
11%
10 Jane Hayward
11%
2 Ken Tanaka
9%
4 Carl Howell
8%
2 Alistair
6%
2 Bree
6%
4 Myron Muskovitz
6%
3 Harmony
5%
4 Isabelle Wright
5%
1 Carole Hudson
2%
No matching quizzes found
Score Distribution
Percent of People with Each Score
Percentile by Number Answered
Your Score History
You have not taken this quiz